| 000 | 00810nas a22002297a 4500 | ||
|---|---|---|---|
| 003 | NALT | ||
| 005 | 20210408103354.0 | ||
| 008 | 210408b th |||p| |||| 00| 0 tha d | ||
| 022 | _a2672961X (Online) | ||
| 040 | _aNALT | ||
| 041 | _atha | ||
| 245 | 0 | 0 | _aพยาบาลตำรวจ |
| 246 | 3 | 1 | _aJournal of The Police Nurses |
| 260 | _aกองบรรณาธิการวารสารพยาบาลตำรวจ วิทยาลัยพยาบาลตำรวจ | ||
| 310 | _aรายหกเดือน | ||
| 500 | _aวารสารอิเล้กทรอนิกส์ | ||
| 650 | _2การพยาบาล | ||
| 850 | _aNALT | ||
| 856 | _uhttps://he01.tci-thaijo.org/index.php/policenurse/issue/archive | ||
| 942 |
_cJNR _2lcc |
||
| 998 |
_a่jintana _h755 _j755 _k จินตนา เอี่ยมคง |
||
| 999 |
_c98228 _d98228 |
||